| 000 | 00557nmm a22002057a 4500 | ||
|---|---|---|---|
| 005 | 20161103144857.0 | ||
| 008 | 161102b xxu||||| |||| 00| 0 spa d | ||
| 041 | _aspa | ||
| 082 | _aTU 19 | ||
| 100 |
_aSandoval Sandoval, Deborah _929940 |
||
| 245 | _aDepartamento de Operaciones de la Tour Operadora Costa Rica Reps | ||
| 260 | _c2014 | ||
| 650 |
_aCOSTA RICA _930268 |
||
| 650 |
_aTURISMO _9894 |
||
| 650 |
_aTOUR OPERADORA _93014 |
||
| 650 |
_aDEPARTAMENTO DE OPERACIONES _929942 |
||
| 650 |
_aVENTAS _9635 |
||
| 650 |
_aCLIENTES _9517 |
||
| 942 | _cIP | ||
| 999 |
_c8573 _d8573 |
||